000 00770nam a2200205 a 4500
001 BRCA_1868
005 20190320203600.0
008 090608s1981----mx-a---###---#000-0#spa-#
020 _a9685801665
050 4 _aND1002
_b.E87 1981
245 1 0 _aExpresiones pictóricas de la India.
260 _aMéxico
_bUNAM, Centro de Investigación y Servicios Museólogicos, Coordinación de Humanidades
_c1981
300 _a60 p.
_bil.
_c24 cm.
500 _aCatálogo de la exposición realizada en la Galería Universitaria Aristos (Ciudad de México), agosto-octubre, 1981
504 _aBibliografía : p.41
546 _aTexto en : español, inglés y francés
650 1 4 _aPintura
_ySiglo XVI a XVIII
_zIndia
_95787
650 1 4 _aArte Mogol (mogul)
_95788
942 _2lcc
_cB
999 _c1646
_d1646